[Event "Mecklenburg VP Verbandsliga 2223"]
[Site "Mecklenburg VP"]
[Date "2023.03.19"]
[Round "7.6"]
[White "Pawlicz, Dariusz"]
[Black "Wulff, Jens Peter"]
[Result "1-0"]
[WhiteElo "1613"]
[BlackElo "1727"]
[PlyCount "95"]
[EventDate "2022.10.23"]
[EventType "team-tourn"]
[EventRounds "9"]
[EventCountry "GER"]
[SourceTitle "EXT 2024"]
[Source "ChessBase"]
[SourceDate "2023.10.10"]
[SourceVersion "1"]
[SourceVersionDate "2023.10.10"]
[SourceQuality "1"]
[WhiteTeam "Torgelow Droegeheide II"]
[BlackTeam "Mecklenburger Springer SC"]
[WhiteTeamCountry "GER"]
[BlackTeamCountry "GER"]

1. e4 c5 2. Nf3 a6 3. c3 Nc6 4. d4 cxd4 5. cxd4 d5 6. exd5 Qxd5 7. Nc3 Qa5 8. Bc4 e6 9. 0-0 Nf6 10. Re1 Bb4 11. Bg5 Bxc3 12. bxc3 Nd5 13. Bxd5 Qxd5 14. Qd3 f6 15. c4 Qd6 16. Bh4 0-0 17. Rab1 Ne7 18. Bg3 Qd7 19. Rb6 e5 20. Qa3 Ng6 21. dxe5 fxe5 22. Bxe5 Nxe5 23. Nxe5 Qd2 24. Nf3 Qf4 25. c5 a5 26. Qe3 Qxe3 27. Rxe3 Ra7 28. h3 a4 29. Nd4 Rd8 30. Nb5 Ra6 31. Rxa6 bxa6 32. Nd6 Bd7 33. f4 Kf8 34. Kf2 Bc6 35. g4 Rb8 36. a3 Rb2+ 37. Re2 Rb3 38. Re3 Rb2+ 39. Ke1 Rc2 40. Ne4 Rc4 41. Ng5 Kg8 42. Ne6 Bd7 43. Nxg7 Rxc5 44. Ne6 Rb5 45. Nc7 Rb1+ 46. Kd2 a5 47. f5 h5 48. Nd5 1-0

[Event "Mecklenburg VP Verbandsliga 2223"]
[Site "Mecklenburg VP"]
[Date "2022.11.06"]
[Round "2.4"]
[White "Wulff, Jens Peter"]
[Black "Helms, Sven"]
[Result "0-1"]
[WhiteElo "1726"]
[BlackElo "1940"]
[PlyCount "80"]
[EventDate "2022.10.23"]
[EventType "team-tourn"]
[EventRounds "9"]
[EventCountry "GER"]
[SourceTitle "EXT 2024"]
[Source "ChessBase"]
[SourceDate "2023.10.10"]
[SourceVersion "1"]
[SourceVersionDate "2023.10.10"]
[SourceQuality "1"]
[WhiteTeam "Mecklenburger Springer SC"]
[BlackTeam "Schwerin SF II"]
[WhiteTeamCountry "GER"]
[BlackTeamCountry "GER"]

1. d4 d5 2. Bf4 e6 3. Nd2 f5 4. e3 Nf6 5. h3 Bd6 6. Bh2 Bxh2 7. Rxh2 Qd6 8. Rh1 0-0 9. f4 c5 10. Nb3 cxd4 11. Qxd4 b6 12. Bd3 Nc6 13. Qc3 Bd7 14. Nf3 Rac8 15. Qd2 Ne4 16. Bxe4 fxe4 17. Ng5 Qe7 18. h4 h6 19. Nh3 Qxh4+ 20. Nf2 Qf6 21. 0-0-0 Rfd8 22. Ng4 Qg6 23. Ne5 Nxe5 24. fxe5 Qg5 25. Qe2 Rf8 26. Rh5 Qg3 27. Rd2 Be8 28. Rh3 Qxe5 29. Nd4 Bd7 30. Rh1 Rf6 31. b3 Qd6 32. Kb2 Qc5 33. Rh5 Qc3+ 34. Kb1 Rcf8 35. Rd1 Qc7 36. Kb2 Rf2 37. Qg4 e5 38. Qg6 exd4 39. Rxd5 Qxc2+ 40. Ka3 Qb2+ 0-1

[Event "Mecklenburg VP LL2 West 2122"]
[Site "Mecklenburg VP"]
[Date "2022.03.06"]
[Round "6.4"]
[White "Wulff, Jens Peter"]
[Black "Wagner, Ingolf"]
[Result "0-1"]
[WhiteElo "1790"]
[BlackElo "1845"]
[PlyCount "54"]
[EventDate "2021.10.24"]
[EventType "team-tourn"]
[EventRounds "9"]
[EventCountry "GER"]
[SourceTitle "EXT 2024"]
[Source "ChessBase"]
[SourceDate "2023.10.10"]
[SourceVersion "1"]
[SourceVersionDate "2023.10.10"]
[SourceQuality "1"]
[WhiteTeam "Mecklenburger Springer SC"]
[BlackTeam "Guestrow/Teterow II"]
[WhiteTeamCountry "GER"]
[BlackTeamCountry "GER"]

1. d4 Nf6 2. Nf3 d5 3. Bf4 c5 4. c3 Qb6 5. Qb3 c4 6. Qxb6 axb6 7. Bxb8 Rxb8 8. b4 Ra8 9. Ne5 Bf5 10. f3 Bxb1 11. Rxb1 Rxa2 12. Rc1 e6 13. h4 Bd6 14. g4 Ke7 15. h5 h6 16. Bg2 Rha8 17. Kf2 b5 18. Rhd1 R8a3 19. Kf1 Nd7 20. Nxd7 Kxd7 21. e3 Rb3 22. Ra1 Rxa1 23. Rxa1 Rxc3 24. Ra7 Kc6 25. Ra8 Rxe3 26. Rg8 Bg3 27. Bh3 c3 0-1

[Event "GER-ch Seniors 50 31st"]
[Site "Radebeul"]
[Date "2019.04.26"]
[Round "1"]
[White "Schmidt, Gerhard1111"]
[Black "Wulff, Jens Peter"]
[Result "1-0"]
[WhiteElo "2077"]
[BlackElo "1809"]
[PlyCount "51"]
[EventDate "2019.04.26"]
[EventType "swiss"]
[EventRounds "9"]
[EventCountry "GER"]
[SourceTitle "CBM 190 Extra"]
[Source "ChessBase"]
[SourceDate "2019.07.15"]
[SourceVersion "1"]
[SourceVersionDate "2019.07.15"]
[SourceQuality "1"]

1. Nf3 c6 2. c4 g6 3. d4 Bg7 4. Nc3 d6 5. e4 Nh6 6. h3 f6 7. Be2 Bd7 8. 0-0 Na6 9. Be3 Nf7 10. b4 Nxb4 11. Rb1 a5 12. a3 Na6 13. Rxb7 Rb8 14. Rxb8 Qxb8 15. Qa4 Qc7 16. c5 Nb8 17. Rb1 0-0 18. Qb3 Kh8 19. Bc4 Nh6 20. Qb7 Qd8 21. cxd6 e6 22. Qc7 g5 23. Rb7 Nf7 24. Na4 c5 25. Nxc5 Bc6 26. Qxd8 1-0

[Event "Mecklenburg VP LL2 West 1718"]
[Site "Mecklenburg VP"]
[Date "2018.01.21"]
[Round "5.8"]
[White "Wulff, Jens Peter"]
[Black "Fuhrmann, Michael"]
[Result "0-1"]
[WhiteElo "1752"]
[BlackElo "1583"]
[PlyCount "78"]
[EventDate "2017.10.08"]
[EventType "team-tourn"]
[EventRounds "9"]
[EventCountry "GER"]
[SourceTitle "EXT 2022"]
[Source "ChessBase"]
[SourceDate "2021.10.06"]
[SourceVersion "1"]
[SourceVersionDate "2021.10.06"]
[SourceQuality "1"]
[WhiteTeam "Grevesmuehlen Blau Weiss"]
[BlackTeam "Kuehlungsborn SV Empor"]
[WhiteTeamCountry "GER"]
[BlackTeamCountry "GER"]

1. d4 d5 2. Nf3 Nf6 3. Bf4 Bf5 4. e3 e6 5. Ne5 Bd6 6. Bg5 0-0 7. Bd3 Bxd3 8. Nxd3 Nbd7 9. Nd2 Be7 10. Bf4 c5 11. c3 Rc8 12. Ne5 cxd4 13. exd4 h6 14. Qf3 Nxe5 15. dxe5 Nh7 16. Qe3 a6 17. h4 Kh8 18. Nf3 Bc5 19. Qd3 Qb6 20. Ng5 Bxf2+ 21. Ke2 f5 22. Nxe6 Qxe6 23. Kxf2 Rfe8 24. Rhd1 Qb6+ 25. Kf1 Qxb2 26. Rab1 Qxc3 27. Qxc3 Rxc3 28. Rxd5 b5 29. Rd6 Rc4 30. g3 Ra4 31. Rbd1 Kg8 32. R6d2 Nf8 33. Rd8 Rxd8 34. Rxd8 Kf7 35. a3 Rxa3 36. h5 Ne6 37. Rd7+ Ke8 38. Rb7 Nxf4 39. gxf4 Rf3+ 0-1

[Event "Rostock SSC op 14th"]
[Site "Rostock"]
[Date "2015.07.29"]
[Round "1.2"]
[White "Wulff, Jens Peter"]
[Black "Stern, Rene"]
[Result "0-1"]
[WhiteElo "1741"]
[BlackElo "2533"]
[PlyCount "66"]
[EventDate "2015.07.29"]
[EventType "swiss"]
[EventRounds "7"]
[EventCountry "GER"]
[SourceTitle "EXT 2019"]
[Source "ChessBase"]
[SourceDate "2018.10.10"]
[SourceVersion "1"]
[SourceVersionDate "2018.10.10"]
[SourceQuality "1"]

1. d4 Nf6 2. Nf3 e6 3. Bf4 c5 4. e3 Be7 5. c3 Nh5 6. Bg3 cxd4 7. Nxd4 Nxg3 8. hxg3 d6 9. Bd3 h6 10. Nd2 Nd7 11. Bb5 a6 12. Ba4 Qc7 13. Qh5 g6 14. Nxe6 fxe6 15. Qxg6+ Kd8 16. Rxh6 Rxh6 17. Qxh6 Nf8 18. 0-0-0 Bd7 19. Bxd7 Qxd7 20. Nc4 Kc7 21. Qg7 Rd8 22. Qd4 Qc6 23. f3 Kb8 24. Na5 Qc7 25. Nb3 d5 26. Qg7 Rd7 27. Qg8 Ka7 28. Nd4 Qe5 29. Nc2 Bc5 30. f4 Qg7 31. Qxg7 Rxg7 32. b4 Bb6 33. a4 Rxg3 0-1

[Event "Mecklenburg VP VL 1415"]
[Site "Mecklenburg VP"]
[Date "2015.03.15"]
[Round "7.8"]
[White "Wulff, Jens Peter"]
[Black "Vietinghoff, Klaus"]
[Result "0-1"]
[WhiteElo "1638"]
[BlackElo "1690"]
[PlyCount "110"]
[EventDate "2014.09.21"]
[EventType "team-tourn"]
[EventRounds "9"]
[EventCountry "GER"]
[SourceTitle "EXT 2022"]
[Source "ChessBase"]
[SourceDate "2021.10.06"]
[SourceVersion "1"]
[SourceVersionDate "2021.10.06"]
[SourceQuality "1"]
[WhiteTeam "Grevesmuehlen Blau Weiss"]
[BlackTeam "Stralsund FHSG"]
[WhiteTeamCountry "GER"]
[BlackTeamCountry "GER"]

1. d4 f5 2. Bg5 Nf6 3. Bxf6 exf6 4. e3 d5 5. Nd2 Be6 6. Bd3 Nc6 7. a3 Be7 8. h4 Qd7 9. Ne2 Bd6 10. c4 dxc4 11. Nxc4 Ne7 12. Nc3 0-0 13. Qc2 c6 14. Nxd6 Qxd6 15. Qe2 Rad8 16. Rd1 b5 17. d5 Nxd5 18. Nxd5 Qxd5 19. 0-0 Qe5 20. f4 Qc5 21. Kh1 Rfe8 22. Rc1 Qd6 23. Rfd1 Bd5 24. Bxf5 Qxf4 25. Qh5 Qg3 26. Qxh7+ Kf8 27. e4 Bg8 28. Qh5 Bf7 29. Qg4 Qxg4 30. Bxg4 Rxd1+ 31. Bxd1 Rxe4 32. Bf3 Rxh4+ 33. Kg1 Rc4 34. Rxc4 bxc4 35. Bxc6 Ke7 36. Bf3 Kd6 37. Kf2 Kc5 38. Ke3 g5 39. g4 Be6 40. Be2 a5 41. Bd1 f5 42. gxf5 Bxf5 43. Bf3 g4 44. Bg2 Be6 45. Bf1 Kd5 46. Bg2+ Ke5 47. Bf1 Bd5 48. Be2 g3 49. Bf1 g2 50. Bxg2 Bxg2 51. Kd2 Kd4 52. Kc1 Be4 53. Kd2 a4 54. Kd1 c3 55. Kc1 c2 0-1

[Event "Rostock SSC op 13th"]
[Site "Rostock"]
[Date "2014.07.24"]
[Round "3"]
[White "Fromm, Marius"]
[Black "Wulff, Jens Peter"]
[Result "0-1"]
[WhiteElo "929"]
[BlackElo "1820"]
[PlyCount "46"]
[EventDate "2014.07.23"]
[EventType "swiss"]
[EventRounds "7"]
[EventCountry "GER"]
[SourceTitle "EXT 2018"]
[Source "ChessBase"]
[SourceDate "2017.10.13"]
[SourceVersion "1"]
[SourceVersionDate "2017.10.13"]
[SourceQuality "1"]

1. e4 g6 2. Nf3 Bg7 3. Bc4 e6 4. Nc3 a6 5. 0-0 b5 6. Bb3 c5 7. a3 Bb7 8. Re1 Nc6 9. e5 Nd4 10. Nxd4 cxd4 11. Ne4 Bxe5 12. Nc5 Bxh2+ 13. Kxh2 Qc7+ 14. Kg1 Qxc5 15. d3 h5 16. Re4 Bxe4 17. dxe4 h4 18. Qg4 Qh5 19. Qh3 Qd1+ 20. Kh2 Nf6 21. Qd3 Ng4+ 22. Kh3 Nxf2+ 23. Kh2 Qh1# 0-1

[Event "Mecklenburg VP VL 1314"]
[Site "Mecklenburg VP"]
[Date "2014.01.19"]
[Round "5.7"]
[White "Wulff, Jens Peter"]
[Black "Schroeder, Christian"]
[Result "0-1"]
[WhiteElo "1715"]
[BlackElo "1879"]
[PlyCount "76"]
[EventDate "2013.10.20"]
[EventType "team-tourn"]
[EventRounds "9"]
[EventCountry "GER"]
[SourceTitle "EXT 2022"]
[Source "ChessBase"]
[SourceDate "2021.10.06"]
[SourceVersion "1"]
[SourceVersionDate "2021.10.06"]
[SourceQuality "1"]
[WhiteTeam "Grevesmuehlen Blau Weiss"]
[BlackTeam "Rostock HSG Uni"]
[WhiteTeamCountry "GER"]
[BlackTeamCountry "GER"]

1. d4 Nf6 2. Nf3 e6 3. Bf4 Bb4+ 4. c3 Be7 5. Nbd2 d5 6. e3 0-0 7. Bd3 b6 8. Ne5 Bb7 9. Qc2 c5 10. g4 c4 11. Be2 Nbd7 12. Bf3 Nxe5 13. dxe5 Nd7 14. Nxc4 Nc5 15. 0-0-0 b5 16. Nd6 b4 17. Nxb7 Nxb7 18. e4 bxc3 19. exd5 cxb2+ 20. Kb1 Rc8 21. dxe6 Rxc2 22. exf7+ Rxf7 23. Rxd8+ Nxd8 24. Bd5 Rxf2 25. Be3 Re2 26. Bxa7 Rxe5 27. Bxf7+ Kxf7 28. Rf1+ Kg6 29. Bd4 Rb5 30. Rf2 Bf6 31. Bxf6 gxf6 32. h4 Nc6 33. a4 Rb4 34. h5+ Kg7 35. Rc2 Ne5 36. Rc7+ Kh6 37. a5 Ra4 38. Kxb2 Rxa5 0-1

[Event "Dresden ZMD op-B 21st"]
[Site "Dresden"]
[Date "2012.08.23"]
[Round "6"]
[White "Wulff, Jens Peter"]
[Black "Biastoch, Bennet"]
[Result "1-0"]
[WhiteElo "1734"]
[BlackElo "1536"]
[PlyCount "97"]
[EventDate "2012.08.18"]
[EventType "swiss"]
[EventRounds "9"]
[EventCountry "GER"]
[SourceTitle "CBM 150 Extra"]
[Source "ChessBase"]
[SourceDate "2012.10.19"]
[SourceVersion "1"]
[SourceVersionDate "2012.10.19"]
[SourceQuality "1"]

1. d4 Nf6 2. Nf3 g6 3. c3 Bg7 4. Bf4 d6 5. Nbd2 Bf5 6. Nh4 Bd7 7. e4 Nc6 8. Nhf3 0-0 9. Bd3 Re8 10. Bg3 e5 11. d5 Ne7 12. 0-0 c6 13. c4 Nh5 14. Nh4 Qb6 15. Kh1 Rab8 16. Rb1 a6 17. b4 Qc7 18. a4 b5 19. a5 Rec8 20. h3 Qd8 21. Be2 Nf6 22. f4 exf4 23. Bxf4 Be8 24. Bg5 Nd7 25. dxc6 Ne5 26. cxb5 axb5 27. Ndf3 Bxc6 28. Nxe5 Bxe5 29. Qb3 Qe8 30. Bg4 Bxe4 31. Rxf7 Bd5 32. Rxe7 Bxb3 33. Rxe8+ Rxe8 34. Rxb3 d5 35. Be3 d4 36. Bg1 Rbd8 37. Rd3 Bf4 38. Nf3 Be3 39. Nd2 Bxd2 40. Rxd2 d3 41. Bf3 Re1 42. Kh2 Rc1 43. a6 Rc2 44. Be3 Rxd2 45. Bxd2 Rd7 46. Bc6 Rc7 47. Bxb5 Rc2 48. a7 Ra2 49. Bc4+ 1-0

[Event "Dresden ZMD op-B 21st"]
[Site "Dresden"]
[Date "2012.08.18"]
[Round "1"]
[White "Linnemann, Niklas"]
[Black "Wulff, Jens Peter"]
[Result "0-1"]
[WhiteElo "1892"]
[BlackElo "1734"]
[PlyCount "90"]
[EventDate "2012.08.18"]
[EventType "swiss"]
[EventRounds "9"]
[EventCountry "GER"]
[SourceTitle "CBM 150 Extra"]
[Source "ChessBase"]
[SourceDate "2012.10.19"]
[SourceVersion "1"]
[SourceVersionDate "2012.10.19"]
[SourceQuality "1"]

1. e4 g6 2. d4 Bg7 3. f4 d6 4. Nf3 Bg4 5. Be2 Nd7 6. 0-0 c5 7. d5 Qb6 8. c3 c4+ 9. Kh1 Bxf3 10. Rxf3 Qc7 11. Qa4 Ngf6 12. Nd2 0-0 13. Qxc4 Rac8 14. Qxc7 Rxc7 15. Bd3 Nc5 16. Bc2 b5 17. b3 Rfc8 18. Bb2 a5 19. Rb1 Nfd7 20. c4 e5 21. dxe6 Nxe6 22. Bxg7 Kxg7 23. Bd1 Nb6 24. cxb5 Nd4 25. Rd3 Nxb5 26. Nc4 Nxc4 27. bxc4 Na7 28. Rxd6 Rxc4 29. Bf3 Nc6 30. h3 Nd4 31. Bg4 R8c7 32. Bd1 Ne6 33. f5 Ng5 34. fxg6 hxg6 35. Rd5 Nxe4 36. Rxa5 Rc1 37. Rab5 Nf2+ 38. Kh2 Nxd1 39. R1b4 R1c2 40. a4 Ra2 41. Kg3 Rcc2 42. a5 Rxg2+ 43. Kf4 Rgf2+ 44. Ke5 Nc3 45. Rc5 Rf5+ 0-1